000 00746nam0a22002531 4500
001 rc\2624247
005 20250623143210.0
035 _a(NLR Aleph) 006787844
090 _a6112426
_c6112426
100 _a20110914d1931 |||y0rusy50 ca
101 0 _arus
102 _aRU
105 _ay z |||||
200 1 _aСохраним урожай
_fМ. Палицкий
210 _a[Москва]
_cизд-во ЦК МОПР СССР
_d1931
_gтип. "Правда"
215 _a16 с.
_d13х9 см.
225 1 _aБиблиотека копейка
_v№ 216
700 1 _aПалицкий
_bМ.
_gМихаил
801 0 _aRU
_bNLR
_gpsbo
801 1 _aRU
_bELAR
_2rusmarc
852 _aNLR
_j31-8/6634
942 _cBOOK
980 _aNB